|
|
|
|
| LEADER |
02104nam a2200469 i 4500 |
| 001 |
EBC4003566 |
| 003 |
MiAaPQ |
| 005 |
20200520144314.0 |
| 006 |
m o d | |
| 007 |
cr cnu|||||||| |
| 008 |
151110t20162016enk ob 000 0 eng d |
| 020 |
|
|
|z 9781844644568
|
| 020 |
|
|
|a 9781844644575 (e-book)
|
| 035 |
|
|
|a (MiAaPQ)EBC4003566
|
| 035 |
|
|
|a (Au-PeEL)EBL4003566
|
| 035 |
|
|
|a (CaPaEBR)ebr11096356
|
| 035 |
|
|
|a (OCoLC)920466020
|
| 040 |
|
|
|a MiAaPQ
|b eng
|e rda
|e pn
|c MiAaPQ
|d MiAaPQ
|
| 043 |
|
|
|a a-cc---
|
| 050 |
|
4 |
|a HN740.Z9
|b .C456 2016
|
| 082 |
0 |
|
|a 307.720951
|2 23
|
| 245 |
0 |
0 |
|a China environment and development review.
|p The rural eco-environment of China /
|c editor-in-chief, Zhang Xiao, Chinese Academy of Social Sciences ; translated by Jin Jun & Hang Mengying.
|
| 264 |
|
1 |
|a Reading, England :
|b China Social Sciences Press :
|b Paths International Ltd,
|c 2016.
|
| 264 |
|
4 |
|c 2016
|
| 300 |
|
|
|a 1 online resource (361 pages)
|
| 336 |
|
|
|a text
|2 rdacontent
|
| 337 |
|
|
|a computer
|2 rdamedia
|
| 338 |
|
|
|a online resource
|2 rdacarrier
|
| 504 |
|
|
|a Includes bibliographical references at the end of each chapters.
|
| 588 |
|
|
|a Description based on online resource; title from PDF title page (ebrary, viewed November 9, 2015).
|
| 590 |
|
|
|a Electronic reproduction. Ann Arbor, MI : ProQuest, 2015. Available via World Wide Web. Access may be limited to ProQuest affiliated libraries.
|
| 650 |
|
0 |
|a Rural development
|z China.
|
| 650 |
|
0 |
|a Sustainable agriculture
|z China.
|
| 650 |
|
0 |
|a Agricultural conservation
|z China.
|
| 650 |
|
0 |
|a Sustainable development
|z China.
|
| 655 |
|
4 |
|a Electronic books.
|
| 700 |
1 |
|
|a Xiao, Zhang,
|e editor.
|
| 700 |
1 |
|
|a Jun, Jin,
|e translator.
|
| 700 |
1 |
|
|a Mengying, Hang,
|e translator.
|
| 776 |
0 |
8 |
|i Print version:
|t China environment and development review. The rural eco-environment of China.
|d Reading, England : China Social Sciences Press : Paths International Ltd, c2016
|h vi, 350 pages
|z 9781844644568
|
| 797 |
2 |
|
|a ProQuest (Firm)
|
| 856 |
4 |
0 |
|u https://ebookcentral.proquest.com/lib/matrademy/detail.action?docID=4003566
|z Click to View
|